000 01231nam a22001937a 4500
003 JO-AjAnu
005 20250323101559.0
008 250317b jo ||||| |||| 00| 0 ara d
040 _cJO-AjAnu
041 _hara
100 _aالحنيطي، جعفر محمود مفلح
_eمعد
_966537
245 _aاثر التكنولوجيا المالية على الميزة التنافسية في البنوك الإسلامية الأردنية "استراتيجيات التسويق الرقمي كمتغير وسيط" = The Impact of Financial Technology on Competitive Advantage in Jordanian Islamic Banks "Digital Marketing Strategies as a Mediating Variable
_c / اعداد جعفر محمود مفلح الحنيطي ؛ اشراف محي الدين يعقوب ابو الهول
260 _c2025
300 _a128 ورقة
500 _aرسالة جامعية (رسالة ماجستير في المصارف الاسلامية)/ جامعة عجلون الوطنية (الاردن-عجلون)/كلية الأعمال،قسم المصارف الاسلامية، 2025
650 _vالبنوك-معالجة بيانات
700 _aابو الهول، محي الدين يعقوب
_964950
_eمشرف
942 _2lcc
_cTHS
_n0
999 _c33912
_d33912